[Event "Oberliga Bayern 1718"]
[Site "Bayern"]
[Date "2018.02.25"]
[Round "7.5"]
[White "Wulfmeyer, Johannes"]
[Black "Leeb, Simon"]
[Result "1/2-1/2"]
[WhiteElo "2227"]
[BlackElo "2155"]
[PlyCount "80"]
[EventDate "2017.10.22"]
[EventType "team-tourn"]
[EventRounds "9"]
[EventCountry "GER"]
[SourceTitle "EXT 2020"]
[Source "ChessBase"]
[SourceDate "2019.10.17"]
[SourceVersion "1"]
[SourceVersionDate "2019.10.17"]
[SourceQuality "1"]
[WhiteTeam "Nuernberg NT II"]
[BlackTeam "Muenchen Suedost"]
[WhiteTeamCountry "GER"]
[BlackTeamCountry "GER"]

1. c4 c6 2. Nf3 Nf6 3. e3 d5 4. Nc3 g6 5. Qb3 Bg7 6. cxd5 cxd5 7. Bb5+ Nc6 8. d4 0-0 9. 0-0 Na5 10. Qc2 a6 11. Bd3 b5 12. Ne5 Nc4 13. f4 Ng4 14. Qe2 Ngxe5 15. fxe5 f6 16. exf6 exf6 17. b3 Nb6 18. Qf3 Qd6 19. a4 b4 20. Ne2 a5 21. Bd2 Bd7 22. Rac1 Rfc8 23. Qf4 Qxf4 24. Nxf4 f5 25. h4 Rxc1 26. Rxc1 Rc8 27. Rxc8+ Bxc8 28. Bb5 Kf7 29. Kf2 Ke7 30. Kf3 Bh6 31. Nd3 Bd7 32. Bxd7 Nxd7 33. Be1 Kd6 34. Bg3+ Kc6 35. Ne5+ Nxe5+ 36. Bxe5 Kd7 37. Bf6 Ke8 38. Be5 Kd7 39. Bf6 Ke8 40. Be5 Kd7 1/2-1/2

[Event "Oberliga Bayern 1718"]
[Site "Bayern"]
[Date "2017.11.26"]
[Round "3.4"]
[White "Prediger, Rupert"]
[Black "Wulfmeyer, Johannes"]
[Result "0-1"]
[WhiteElo "2225"]
[BlackElo "2227"]
[PlyCount "66"]
[EventDate "2017.10.22"]
[EventType "team-tourn"]
[EventRounds "9"]
[EventCountry "GER"]
[SourceTitle "EXT 2020"]
[Source "ChessBase"]
[SourceDate "2019.10.17"]
[SourceVersion "1"]
[SourceVersionDate "2019.10.17"]
[SourceQuality "1"]
[WhiteTeam "Pang/Rosenheim"]
[BlackTeam "Nuernberg NT II"]
[WhiteTeamCountry "GER"]
[BlackTeamCountry "GER"]

1. e4 d5 2. exd5 Qxd5 3. Nc3 Qd6 4. d4 Nf6 5. Nge2 e6 6. Bf4 Qb6 7. Qd2 Bd7 8. 0-0-0 Nc6 9. Ng3 0-0-0 10. Be2 Nb4 11. Bf3 Bc6 12. Bxc6 Qxc6 13. f3 Qc4 14. a3 Na2+ 15. Nxa2 Qxa2 16. c3 Nd5 17. Ne2 Bd6 18. Bxd6 Rxd6 19. Kc2 Rb6 20. Rb1 Qb3+ 21. Kc1 Rd8 22. Qc2 Qc4 23. Ng3 c5 24. Qe2 Qa2 25. dxc5 Rb3 26. Rd1 Nxc3 27. Rxd8+ Kxd8 28. Qd2+ Nd5 29. Ne4 Re3 30. Qa5+ b6 31. cxb6 Qc4+ 32. Nc3 axb6 33. Qa8+ Ke7 0-1

[Event "Landesliga Nord 1617"]
[Site "Bayern"]
[Date "2016.10.16"]
[Round "1.6"]
[White "Wulfmeyer, Johannes"]
[Black "Kreuzer, Helmut"]
[Result "1-0"]
[WhiteElo "2087"]
[BlackElo "2069"]
[PlyCount "51"]
[EventDate "2016.10.16"]
[EventType "team-tourn"]
[EventRounds "9"]
[EventCountry "GER"]
[SourceTitle "EXT 2019"]
[Source "ChessBase"]
[SourceDate "2018.10.10"]
[SourceVersion "1"]
[SourceVersionDate "2018.10.10"]
[SourceQuality "1"]
[WhiteTeam "Nuernberg NT II"]
[BlackTeam "Kelheim"]
[WhiteTeamCountry "GER"]
[BlackTeamCountry "GER"]

1. c4 e6 2. Nf3 Nf6 3. g3 b6 4. Bg2 Bb7 5. 0-0 Be7 6. d3 0-0 7. b3 d5 8. Bb2 c5 9. e3 Nc6 10. Qe2 Qc7 11. Nc3 Rad8 12. Rfd1 Rfe8 13. Rac1 Qb8 14. cxd5 Nxd5 15. Nxd5 Rxd5 16. d4 Rdd8 17. dxc5 Bxc5 18. Ng5 f6 19. Ne4 Be7 20. Nxf6+ Bxf6 21. Bxf6 Rxd1+ 22. Qxd1 gxf6 23. Bxc6 Rc8 24. Qd7 e5 25. Bd5+ Bxd5 26. Rxc8+ 1-0

[Event "Landesliga Nord 1516"]
[Site "Bayern"]
[Date "2015.10.25"]
[Round "2.5"]
[White "Oechslein, Rainer"]
[Black "Wulfmeyer, Johannes"]
[Result "1-0"]
[WhiteElo "2156"]
[BlackElo "2087"]
[PlyCount "121"]
[EventDate "2015.10.11"]
[EventType "team-tourn"]
[EventRounds "9"]
[EventCountry "GER"]
[SourceTitle "EXT 2018"]
[Source "ChessBase"]
[SourceDate "2017.10.13"]
[SourceVersion "1"]
[SourceVersionDate "2017.10.13"]
[SourceQuality "1"]
[WhiteTeam "Schweinfurt"]
[BlackTeam "Nuernberg NT II"]
[WhiteTeamCountry "GER"]
[BlackTeamCountry "GER"]

1. e4 c5 2. Nf3 d6 3. d4 cxd4 4. Qxd4 a6 5. c4 Nc6 6. Qd2 Nf6 7. Nc3 g6 8. b3 Bg7 9. Bb2 0-0 10. h3 Rb8 11. Bd3 b5 12. 0-0 b4 13. Nd5 Nd7 14. Bxg7 Kxg7 15. Rad1 f6 16. Bc2 a5 17. Nd4 Nxd4 18. Qxd4 Ne5 19. f4 Nc6 20. Qf2 e5 21. c5 Nd4 22. cxd6 Qxd6 23. Bd3 Ba6 24. Bxa6 Qxa6 25. fxe5 fxe5 26. Qh4 Qd6 27. Kh2 Rxf1 28. Rxf1 Rf8 29. Rc1 Rf7 30. Rc8 Ne6 31. Qg3 Nf4 32. Ne3 Qe6 33. Qg4 Qxg4 34. Nxg4 Nd3 35. Rd8 Nf2 36. Nxe5 Re7 37. Rd5 Nxe4 38. Rxa5 Nc3 39. Nc6 Rb7 40. a3 bxa3 41. Rxa3 Rb6 42. Ne5 Nb1 43. Ra7+ Kg8 44. Nd7 Rxb3 45. Nf6+ Kf8 46. Nxh7+ Kg8 47. Nf6+ Kf8 48. Nd7+ Kg8 49. h4 Nc3 50. Ra6 Kg7 51. Ne5 Nd5 52. Rxg6+ Kh7 53. Rg3 Rb4 54. Rg4 Rb2 55. Kh3 Ne3 56. Rg3 Nf5 57. Rg5 Rb3+ 58. g3 Ng7 59. Ng4 Rb6 60. h5 Rb3 61. Nf6+ 1-0

[Event "Landesliga Nord 1415"]
[Site "Bayern"]
[Date "2014.12.07"]
[Round "4.7"]
[White "Wulfmeyer, Johannes"]
[Black "Zoeller, Bernd"]
[Result "1-0"]
[WhiteElo "2087"]
[BlackElo "1936"]
[PlyCount "53"]
[EventDate "2014.10.19"]
[EventType "team-tourn"]
[EventRounds "9"]
[EventCountry "GER"]
[SourceTitle "EXT 2018"]
[Source "ChessBase"]
[SourceDate "2017.10.13"]
[SourceVersion "1"]
[SourceVersionDate "2017.10.13"]
[SourceQuality "1"]
[WhiteTeam "Nuernberg NT II"]
[BlackTeam "Klingenberg"]
[WhiteTeamCountry "GER"]
[BlackTeamCountry "GER"]

1. c4 Nf6 2. Nc3 c5 3. Nf3 Nc6 4. d4 cxd4 5. Nxd4 g6 6. e4 d6 7. Be2 Bg7 8. Be3 h5 9. Qd2 Ng4 10. Bxg4 Bxg4 11. f3 Bd7 12. 0-0 Rc8 13. b3 Qa5 14. Nde2 0-0 15. Rac1 Kh7 16. Rfd1 f5 17. exf5 Bxf5 18. Ng3 Bd7 19. Nge4 Qf5 20. Nd5 Be5 21. Qd3 Kg8 22. Bh6 Rf7 23. Ne3 Bd4 24. Kh1 Qe5 25. f4 Qa5 26. Ng5 Rxf4 27. Qxg6+ 1-0

[Event "Landesliga Nord 1415"]
[Site "Bayern"]
[Date "2014.11.23"]
[Round "3.8"]
[White "Wulfmeyer, Johannes"]
[Black "Singer, Michael"]
[Result "1-0"]
[WhiteElo "2087"]
[BlackElo "1857"]
[PlyCount "119"]
[EventDate "2014.10.19"]
[EventType "team-tourn"]
[EventRounds "9"]
[EventCountry "GER"]
[SourceTitle "EXT 2018"]
[Source "ChessBase"]
[SourceDate "2017.10.13"]
[SourceVersion "1"]
[SourceVersionDate "2017.10.13"]
[SourceQuality "1"]
[WhiteTeam "Nuernberg NT II"]
[BlackTeam "Kelheim"]
[WhiteTeamCountry "GER"]
[BlackTeamCountry "GER"]

1. c4 e6 2. Nf3 d5 3. g3 c6 4. b3 f5 5. Bb2 Nf6 6. Bg2 Be7 7. 0-0 0-0 8. d3 Bd7 9. Nbd2 h6 10. Qc1 Be8 11. Ba3 Nbd7 12. Nd4 Bf7 13. cxd5 Nxd5 14. Bxe7 Qxe7 15. e4 fxe4 16. dxe4 Nc7 17. Nc4 Bg6 18. Na5 Qb4 19. Nc4 e5 20. Nc2 Qc5 21. Qe3 Ne6 22. Qxc5 Nexc5 23. f3 Bf7 24. Na5 Rab8 25. Rad1 Nf6 26. Ne3 Rfe8 27. Nf5 Be6 28. Nd6 Re7 29. Rd2 Bd7 30. Rfd1 b6 31. Nac4 Nb7 32. Bf1 Kf8 33. b4 b5 34. Nxb7 Rxb7 35. Na5 Rc7 36. Nb3 Be8 37. Nc5 Nd7 38. Na6 Rb7 39. Rd6 Nb6 40. Nc5 Rb8 41. Ne6+ Kg8 42. Nd8 Rc8 43. Bh3 Rcc7 44. Be6+ Kh8 45. Rc1 Nc4 46. Bxc4 bxc4 47. Rxc4 Red7 48. Rxd7 Rxd7 49. Nxc6 Rd1+ 50. Kf2 Rd2+ 51. Ke3 Rxa2 52. Nxe5 Bb5 53. Rc5 a6 54. Nf7+ Kg8 55. Nd6 Re2+ 56. Kd4 Rd2+ 57. Ke5 Be2 58. f4 Bg4 59. f5 Rxh2 60. Rc8+ 1-0

[Event "Landesliga Nord 1314"]
[Site "Bayern"]
[Date "2014.04.06"]
[Round "9.7"]
[White "Seidens, Udo"]
[Black "Wulfmeyer, Johannes"]
[Result "1/2-1/2"]
[WhiteElo "2232"]
[BlackElo "2227"]
[PlyCount "30"]
[EventDate "2013.10.13"]
[EventType "team"]
[EventRounds "9"]
[EventCountry "GER"]
[SourceTitle "EXT 2015"]
[Source "ChessBase"]
[SourceDate "2014.11.20"]
[SourceVersion "1"]
[SourceVersionDate "2014.11.20"]
[SourceQuality "1"]
[WhiteTeam "Schweinfurt"]
[BlackTeam "Nuernberg NT II"]
[WhiteTeamCountry "GER"]
[BlackTeamCountry "GER"]

1. c4 e5 2. g3 Nc6 3. Bg2 g6 4. Nc3 Bg7 5. e3 d6 6. Nge2 f5 7. d4 e4 8. Nf4 Nf6 9. Bd2 0-0 10. Ncd5 Ne7 11. Ba5 b6 12. Bc3 c6 13. Nxe7+ Qxe7 14. d5 c5 15. h4 Ng4 1/2-1/2

[Event "Landesliga Nord 1314"]
[Site "Bayern"]
[Date "2014.01.19"]
[Round "5.5"]
[White "Braeutigam, Thomas"]
[Black "Wulfmeyer, Johannes"]
[Result "1/2-1/2"]
[WhiteElo "2112"]
[BlackElo "2227"]
[PlyCount "102"]
[EventDate "2013.10.13"]
[EventType "team"]
[EventRounds "9"]
[EventCountry "GER"]
[SourceTitle "EXT 2015"]
[Source "ChessBase"]
[SourceDate "2014.11.20"]
[SourceVersion "1"]
[SourceVersionDate "2014.11.20"]
[SourceQuality "1"]
[WhiteTeam "Wuerzburg"]
[BlackTeam "Nuernberg NT II"]
[WhiteTeamCountry "GER"]
[BlackTeamCountry "GER"]

1. d4 Nf6 2. c4 e6 3. Nc3 c5 4. d5 exd5 5. cxd5 d6 6. e4 g6 7. Bd3 Bg7 8. h3 0-0 9. Nf3 a6 10. a4 Nbd7 11. 0-0 Rb8 12. Re1 Qc7 13. Bf4 Ne8 14. Rc1 Qa5 15. Bd2 Qd8 16. Bg5 f6 17. Be3 Ne5 18. Nxe5 fxe5 19. Qd2 Bd7 20. Rb1 a5 21. b3 Nc7 22. Ra1 b5 23. Nxb5 Nxb5 24. axb5 Bxb5 25. Bc4 Bxc4 26. bxc4 Rb4 27. Qc2 Qb6 28. Ra2 Rb8 29. Bd2 Rb2 30. Rxb2 Qxb2 31. Qxb2 Rxb2 32. Bxa5 Rc2 33. Bc7 Bf8 34. f4 exf4 35. e5 dxe5 36. d6 Rd2 37. Rxe5 Bxd6 38. Bxd6 Rxd6 39. Rxc5 Rd2 40. Rc7 g5 41. c5 Rc2 42. c6 h5 43. Rc8+ Kg7 44. c7 g4 45. hxg4 hxg4 46. Kf1 g3 47. Rd8 Rxc7 48. Rd4 Rc1+ 49. Ke2 Rc2+ 50. Kf3 Rf2+ 51. Kg4 Rxg2 1/2-1/2

[Event "Mittelfranken-chTB1 1213"]
[Site "Germany"]
[Date "2013.03.10"]
[Round "8.2"]
[White "Wulfmeyer, Johannes"]
[Black "Redzepovic, Irfan"]
[Result "1-0"]
[WhiteElo "2116"]
[BlackElo "2094"]
[PlyCount "89"]
[EventDate "2012.10.07"]
[EventType "team-tourn"]
[EventRounds "9"]
[EventCountry "GER"]
[SourceTitle "EXT 2019"]
[Source "ChessBase"]
[SourceDate "2018.10.10"]
[SourceVersion "1"]
[SourceVersionDate "2018.10.10"]
[SourceQuality "1"]
[WhiteTeam "Nuernberg NT III"]
[BlackTeam "Nuernberg Sued SW II"]
[WhiteTeamCountry "GER"]
[BlackTeamCountry "GER"]

1. c4 Nf6 2. Nc3 e5 3. g3 d5 4. cxd5 Nxd5 5. Bg2 Nb6 6. Nf3 Nc6 7. a3 Be7 8. 0-0 0-0 9. b4 a5 10. b5 Nd4 11. d3 a4 12. Bb2 f6 13. e3 Nb3 14. Rb1 Be6 15. d4 exd4 16. Nxd4 Nxd4 17. Qxd4 Qxd4 18. exd4 Rab8 19. Ne4 Nc4 20. Nc5 Bxc5 21. dxc5 c6 22. Bc1 Ne5 23. bxc6 bxc6 24. Bf4 Rxb1 25. Rxb1 Bd5 26. Bxd5+ cxd5 27. Rb4 Rc8 28. Be3 Ra8 29. Kg2 Nc4 30. Bc1 Kf7 31. Rb7+ Ke6 32. Kf3 Rc8 33. Rb5 f5 34. h4 d4 35. Ke2 Rc6 36. Bf4 Nxa3 37. Ra5 Nb1 38. Kd3 Nc3 39. Kxd4 Ne2+ 40. Kc4 h6 41. Rxa4 Ng1 42. Rb4 g5 43. hxg5 hxg5 44. Bxg5 Kd7 45. Rb7+ 1-0

[Event "Mittelfranken-chTB1 1213"]
[Site "Germany"]
[Date "2012.11.18"]
[Round "3.2"]
[White "Goetz, Andreas"]
[Black "Wulfmeyer, Johannes"]
[Result "1/2-1/2"]
[WhiteElo "2030"]
[BlackElo "2116"]
[PlyCount "54"]
[EventDate "2012.10.07"]
[EventType "team-tourn"]
[EventRounds "9"]
[EventCountry "GER"]
[SourceTitle "EXT 2019"]
[Source "ChessBase"]
[SourceDate "2018.10.10"]
[SourceVersion "1"]
[SourceVersionDate "2018.10.10"]
[SourceQuality "1"]
[WhiteTeam "Erlangen SC II"]
[BlackTeam "Nuernberg NT III"]
[WhiteTeamCountry "GER"]
[BlackTeamCountry "GER"]

1. d4 Nf6 2. Nf3 c5 3. dxc5 e6 4. e3 Bxc5 5. Bd3 0-0 6. 0-0 b6 7. Qe2 Be7 8. e4 d6 9. e5 dxe5 10. Nxe5 Bb7 11. Nc3 Nbd7 12. Rd1 Qc8 13. Nxd7 Nxd7 14. Bxh7+ Kxh7 15. Qd3+ Kg8 16. Qxd7 Bf6 17. Qxc8 Rfxc8 18. Bd2 Rc4 19. Be1 a6 20. a4 Bc6 21. Rd3 Rc8 22. Ra2 Be4 23. Rd6 R8c6 24. Rxc6 Bxc6 25. Ra1 Bxc3 26. Bxc3 Rxa4 27. Rxa4 Bxa4 1/2-1/2

[Event "Landesliga Nord 1112"]
[Site "Bayern"]
[Date "2012.02.26"]
[Round "7.8"]
[White "Kuznetsova, Rymma"]
[Black "Wulfmeyer, Johannes"]
[Result "0-1"]
[WhiteElo "1900"]
[BlackElo "2143"]
[PlyCount "84"]
[EventDate "2011.10.02"]
[EventType "team-tourn"]
[EventRounds "9"]
[EventCountry "GER"]
[SourceTitle "EXT 2015"]
[Source "ChessBase"]
[SourceDate "2014.11.20"]
[SourceVersion "1"]
[SourceVersionDate "2014.11.20"]
[SourceQuality "1"]
[WhiteTeam "Bindlach II"]
[BlackTeam "Nuernberg NT II"]
[WhiteTeamCountry "GER"]
[BlackTeamCountry "GER"]

1. e4 d5 2. exd5 Qxd5 3. Nc3 Qd6 4. Nf3 a6 5. d4 Nf6 6. Be2 e6 7. 0-0 Nbd7 8. Bg5 c5 9. Re1 cxd4 10. Nxd4 Be7 11. Bh4 0-0 12. Bg3 Qb6 13. Nb3 Rd8 14. Bd3 Nf8 15. a4 Bd6 16. a5 Qc7 17. Ne4 Nxe4 18. Rxe4 Bxg3 19. hxg3 f5 20. Rc4 Qe5 21. Rc3 Bd7 22. Qe1 Qf6 23. Nc5 Bc6 24. Bc4 Rd6 25. Rb3 Qd4 26. Rc3 Qxc5 27. Bxe6+ Rxe6 28. Rxc5 Rxe1+ 29. Rxe1 g6 30. b4 Kf7 31. f3 h5 32. Rc4 Rd8 33. g4 hxg4 34. fxg4 Rd2 35. Rc5 Rxg2+ 36. Kf1 Rxg4 37. Rce5 Kf6 38. c3 Rf4+ 39. Kg1 g5 40. R5e3 Rg4+ 41. Kf1 f4 42. Rh3 Bg2+ 0-1

[Event "Landesliga Nord 1112"]
[Site "Bayern"]
[Date "2011.11.20"]
[Round "3.5"]
[White "Wulfmeyer, Johannes"]
[Black "Wambach, Juergen"]
[Result "1-0"]
[WhiteElo "2143"]
[BlackElo "1988"]
[PlyCount "85"]
[EventDate "2011.10.02"]
[EventType "team-tourn"]
[EventRounds "9"]
[EventCountry "GER"]
[SourceTitle "EXT 2013"]
[Source "ChessBase"]
[SourceDate "2012.11.22"]
[SourceVersion "1"]
[SourceVersionDate "2012.11.22"]
[SourceQuality "1"]
[WhiteTeam "Nuernberg NT II"]
[BlackTeam "Klingenberg/Main"]
[WhiteTeamCountry "GER"]
[BlackTeamCountry "GER"]

1. c4 f5 2. Nc3 Nf6 3. g3 e6 4. Bg2 Be7 5. Nf3 0-0 6. 0-0 a5 7. d3 d6 8. e4 fxe4 9. dxe4 e5 10. Nd5 c6 11. Nxe7+ Qxe7 12. Ne1 Na6 13. Bg5 Nc5 14. Nd3 Ne6 15. Be3 c5 16. f3 Nd4 17. b3 Be6 18. Rc1 Nd7 19. f4 Bf7 20. f5 a4 21. Rf2 b5 22. h4 Rfb8 23. Bg5 Qe8 24. f6 g6 25. Be3 bxc4 26. bxc4 a3 27. g4 Qd8 28. h5 Nb6 29. hxg6 Bxg6 30. g5 Bf7 31. Qg4 Kh8 32. Bf1 Qg8 33. Rh2 Bg6 34. Nf2 Ra4 35. Bxd4 exd4 36. Qg3 Rd8 37. Qb3 Rb4 38. Qxa3 Nxc4 39. Bxc4 Rxc4 40. Rxc4 Qxc4 41. Rh3 Rg8 42. Kg2 Bf7 43. Rxh7+ 1-0

[Event "Oberliga Bayern 0910"]
[Site "Bayern"]
[Date "2009.11.29"]
[Round "3.3"]
[White "Pohl Kuemmel, Jens Uwe"]
[Black "Wulfmeyer, Johannes"]
[Result "1-0"]
[WhiteElo "2221"]
[BlackElo "2157"]
[PlyCount "87"]
[EventDate "2009.10.18"]
[EventType "team-tourn"]
[EventRounds "9"]
[EventCountry "GER"]
[SourceTitle "EXT 2011"]
[Source "ChessBase"]
[SourceDate "2010.11.26"]
[SourceVersion "1"]
[SourceVersionDate "2010.11.26"]
[SourceQuality "1"]
[WhiteTeam "Regensburg Fortuna"]
[BlackTeam "Nuernberg NT II"]
[WhiteTeamCountry "GER"]
[BlackTeamCountry "GER"]

1. Nf3 Nf6 2. c4 e6 3. Nc3 c5 4. g3 b6 5. Bg2 Bb7 6. 0-0 a6 7. d4 Ne4 8. Nxe4 Bxe4 9. Bg5 Be7 10. Bxe7 Qxe7 11. Qd2 0-0 12. Rfd1 Nc6 13. dxc5 Qxc5 14. Qf4 d5 15. cxd5 exd5 16. Rac1 Qb5 17. Rd2 Rac8 18. h4 h6 19. Bh3 Rcd8 20. b3 Bxf3 21. Qxf3 Ne5 22. Qf4 Ng6 23. Qd4 Rfe8 24. Rcc2 Re7 25. Bg2 Red7 26. e3 Nf8 27. Bf1 Qa5 28. b4 Qa4 29. Qxb6 Rd6 30. Qd4 Ne6 31. Qb2 d4 32. Bc4 dxe3 33. fxe3 Qd7 34. Rxd6 Qxd6 35. Rg2 Qd1+ 36. Kh2 Qg4 37. Qb3 g5 38. Bd5 Kf8 39. Qc4 Qh5 40. Bxe6 gxh4 41. Bg4 hxg3+ 42. Kxg3 Qh1 43. Qc5+ Kg8 44. Bf3 1-0

[Event "Landesliga Nord 0809"]
[Site "Bayern"]
[Date "2009.03.15"]
[Round "8.4"]
[White "Wutz, Christoph"]
[Black "Wulfmeyer, Johannes"]
[Result "1/2-1/2"]
[WhiteElo "2132"]
[BlackElo "2098"]
[PlyCount "159"]
[EventDate "2008.10.05"]
[EventType "team-tourn"]
[EventRounds "9"]
[EventCountry "GER"]
[SourceTitle "EXT 2020"]
[Source "ChessBase"]
[SourceDate "2019.10.17"]
[SourceVersion "1"]
[SourceVersionDate "2019.10.17"]
[SourceQuality "1"]
[WhiteTeam "Neutraubling"]
[BlackTeam "Nuernberg NT II"]
[WhiteTeamCountry "GER"]
[BlackTeamCountry "GER"]

1. e4 c5 2. Nf3 d6 3. d4 cxd4 4. Qxd4 a6 5. c4 Nc6 6. Qd2 Nf6 7. Nc3 g6 8. b3 Bg7 9. Bb2 0-0 10. Be2 Qa5 11. Rb1 Bg4 12. 0-0 Rfc8 13. Rfe1 Rab8 14. a3 Bxf3 15. Bxf3 h5 16. Be2 Qd8 17. Ba1 Nd7 18. Kh1 Nd4 19. Nd5 Nxe2 20. Bxg7 Kxg7 21. Rxe2 b5 22. cxb5 Rxb5 23. b4 Rbb8 24. h3 Nb6 25. Ne3 Na4 26. Rb3 Kg8 27. Nf5 Qf8 28. Rg3 Kh7 29. Nd4 Qh6 30. f4 e5 31. fxe5 dxe5 32. Nb3 Qxd2 33. Rxd2 Rc3 34. Rxc3 Nxc3 35. Nc5 a5 36. Rd3 axb4 37. axb4 Ne2 38. Rb3 Rb5 39. Rb2 Nd4 40. Nd3 f5 41. exf5 gxf5 42. Ne1 Kg6 43. Kg1 Nc6 44. Nc2 f4 45. Rb3 Kf5 46. Kf2 h4 47. Rc3 Ne7 48. Rc4 Nd5 49. Kf3 Rb6 50. Rc8 e4+ 51. Ke2 Nxb4 52. Rc5+ Kg6 53. Nxb4 Rxb4 54. Re5 Rb2+ 55. Kf1 e3 56. Re8 Rf2+ 57. Kg1 Kf7 58. Re4 Kf6 59. Re8 Kf5 60. Re7 Rd2 61. Kf1 Rd6 62. Ke2 Rg6 63. Kf1 Ra6 64. Ke2 Ra2+ 65. Kf1 Ra1+ 66. Ke2 Rg1 67. Rg7 Ke4 68. Re7+ Kd5 69. Rd7+ Ke6 70. Rg7 Kf6 71. Rg8 Ra1 72. Re8 Ra2+ 73. Kf1 Kf7 74. Re4 Rf2+ 75. Kg1 Kg6 76. Re8 f3 77. Rxe3 Rxg2+ 78. Kf1 Rg3 79. Kf2 Rxh3 80. Rxf3 1/2-1/2

[Event "Landesliga Nord 0809"]
[Site "Bayern"]
[Date "2008.10.26"]
[Round "2.3"]
[White "Wulfmeyer, Johannes"]
[Black "Huemmer, Bernd"]
[Result "1-0"]
[WhiteElo "2098"]
[BlackElo "2145"]
[PlyCount "95"]
[EventDate "2008.10.05"]
[EventType "team-tourn"]
[EventRounds "9"]
[EventCountry "GER"]
[SourceTitle "EXT 2020"]
[Source "ChessBase"]
[SourceDate "2019.10.17"]
[SourceVersion "1"]
[SourceVersionDate "2019.10.17"]
[SourceQuality "1"]
[WhiteTeam "Nuernberg NT II"]
[BlackTeam "Schweinfurt"]
[WhiteTeamCountry "GER"]
[BlackTeamCountry "GER"]

1. c4 d6 2. Nc3 e5 3. g3 Nc6 4. Bg2 Be6 5. d3 Qd7 6. e4 g6 7. Nd5 Bg7 8. Ne2 Nd8 9. f4 c6 10. Ne3 Ne7 11. 0-0 f5 12. exf5 Nxf5 13. Nxf5 Bxf5 14. d4 exf4 15. Nxf4 0-0 16. Be3 Nf7 17. Qd2 Rae8 18. Rae1 Re7 19. h3 Rfe8 20. g4 Be4 21. d5 c5 22. Ne6 Bxg2 23. Kxg2 Ne5 24. b3 Rf7 25. Bh6 Bxh6 26. Qxh6 Rxe6 27. dxe6 Qxe6 28. Rxf7 Qxf7 29. Rf1 Qe8 30. Qe3 Qc6+ 31. Kg3 Qc7 32. Qf4 Nf7 33. g5 Qe7 34. h4 a6 35. a4 Qe6 36. Qf6 Qe3+ 37. Qf3 Qe5+ 38. Kg2 Qe6 39. a5 Qe7 40. Rf2 Qd7 41. Kf1 Qe7 42. Qf6 Qd7 43. Ke1 Qc7 44. Kd1 Qd7 45. Kc2 d5 46. cxd5 Qxd5 47. Re2 Nd6 48. Qd8+ 1-0